000 00273nam a2200097Ia 4500
001 693751
005 20250826161920.0
008 250824s9999 xx 000 0 und d
245 0 _a1000 Soruda Kur an ve Tefsir Soru Hazinesi
_cProf. Dr. Ali Akpınar
260 _bKİTAP DÜNYASI
999 _c693751
_d693751